000 01202cam a2200313 i 4500
001 17519671
003 OSt
005 20250610114610.0
008 121105s2013 nyua 000 0 eng
010 _a 2012035364
020 _a9789353167103
040 _aDLC
_beng
_cDLC
_erda
_dDLC
042 _apcc
050 0 0 _aT56
_b.H55 2014
082 0 0 _a005.54
_bHIL/I
100 _aHillier, Frederick S
_93992
245 1 0 _aIntroduction to management science :
_ba modeling and case studies approach with spreadsheets /
_cFrederick S. Hillier, Stanford University, Mark S. Hillier, University of Washington ; cases developed by Karl Schmedders, University of Zurich, Molly Stephens Quinn, Emanuel, Urquhart, Sullivan LLP.
250 _aFifth edition.
264 1 _aNew York, NY :
_bMcGraw-Hill,
_c[2014]
300 _axx, 618 pages :
_billustrations ;
_c29 cm +
336 _atext
_2rdacontent
337 _aunmediated
_2rdamedia
338 _avolume
_2rdacarrier
650 0 _aManagement science.
650 0 _aOperations research
_xData processing.
650 0 _aElectronic spreadsheets.
700 1 _aHillier, Mark S.
942 _2ddc
_cBK
_h005.54
_iHIL/I
_k005.54
_mHIL/I
999 _c44512
_d44512